| 000 | 00000nam##2200000za#4500 |
| 001 | 9.602061 |
| 003 | CaOODSP |
| 005 | 20240212134354 |
| 007 | cr ||||||||||| |
| 008 | 150406|2009||||xxc|||||o f|0| 0 fre|d |
| 022 | |a1917-5078 |
| 040 | |aCaOODSP|bfre |
| 043 | |an-cn--- |
| 086 | 1 |aNE4-2/4-2009F-PDF |
| 110 | 1 |aCanada. |bOffice national de l'énergie. |
| 245 | 10|aMise à jour - productivité à court terme de gaz naturel au Canada, 2009-2011 |h[ressource électronique] |
| 260 | |aCalgary - Alberta : |bOffice national de l'énergie |cSeptember 2009. |
| 300 | |a16p.|bgraphiques, tableaux |
| 490 | 1 |aNote d'information sur l'énergie |x1917-5078 |
| 590 | |a12-29-Supp|b2012-06-25 |
| 775 | 08|tUpdate to short-term Canadian natural gas deliverability, 2009-2011 |w(CaOODSP)9.571460 |
| 830 | #0|aNote d'information sur l'énergie,|x1917-5078|w(CaOODSP)9.502856 |
| 856 | 40|ahttp://publications.gc.ca|qPDF|s965 Ko|uhttps://publications.gc.ca/collections/collection_2011/one-neb/NE4-2-4-2009-fra.pdf |